[Event "Sabadell Coral Colon op 10th"]
[Site "Sabadell"]
[Date "2016.02.12"]
[Round "4"]
[White "Ara Aymani, Emili"]
[Black "Cecilia Aguado, Francesc"]
[Result "1/2-1/2"]
[WhiteElo "1875"]
[BlackElo "1803"]
[PlyCount "57"]
[EventDate "2016.01.22"]
[EventType "swiss"]
[EventRounds "9"]
[EventCountry "ESP"]
[SourceTitle "EXT 2017"]
[Source "ChessBase"]
[SourceDate "2016.10.25"]
[SourceVersion "1"]
[SourceVersionDate "2016.10.25"]
[SourceQuality "1"]

1. e4 e6 2. d4 d5 3. Nc3 dxe4 4. Nxe4 Bd7 5. Nf3 Bc6 6. Bd3 Nd7 7. 0-0 Be7 8. Ne5 Nxe5 9. dxe5 Qd5 10. Qg4 Bf8 11. Qg3 Ne7 12. Nc3 Qa5 13. a3 Nd5 14. Bd2 Nxc3 15. Bxc3 Qb6 16. Qf4 Bd5 17. Qa4+ Bc6 18. Qf4 Bd5 19. a4 a6 20. Bd4 Bc5 21. Bxc5 Qxc5 22. b4 Qc3 23. Rab1 0-0 24. Rfe1 f5 25. Re3 Qd2 26. Qh4 Rad8 27. Re2 Qc3 28. Re3 Qd2 29. Re2 1/2-1/2

[Event "Llinars del Valles op-B 9th"]
[Site "Llinars del Valles"]
[Date "2015.06.06"]
[Round "8"]
[White "Cecilia Aguado, Francesc"]
[Black "Berbel Gutierrez, Jose Guillermo"]
[Result "1-0"]
[WhiteElo "1920"]
[BlackElo "1796"]
[PlyCount "65"]
[EventDate "2015.04.11"]
[EventType "swiss"]
[EventRounds "9"]
[EventCountry "ESP"]
[SourceTitle "EXT 2018"]
[Source "ChessBase"]
[SourceDate "2017.10.13"]
[SourceVersion "1"]
[SourceVersionDate "2017.10.13"]
[SourceQuality "1"]

1. e4 e6 2. d4 d5 3. Nc3 Nf6 4. Bg5 Be7 5. e5 Nfd7 6. h4 a6 7. Bd3 c5 8. Bxe7 Qxe7 9. Nf3 Nc6 10. dxc5 Nxc5 11. a3 b5 12. Qe2 Bd7 13. 0-0 Nxd3 14. cxd3 f6 15. g3 0-0 16. Rae1 f5 17. Qe3 b4 18. axb4 Qxb4 19. Nxd5 exd5 20. e6 Rae8 21. Qc1 Nd4 22. Nxd4 Qxd4 23. exd7 Rd8 24. Re7 Qa7 25. Qg5 g6 26. Qh6 Rf7 27. Rxf7 Kxf7 28. Qxh7+ Kf6 29. Rc1 Rxd7 30. Rc6+ Ke5 31. Qh8+ Rg7 32. Rxg6 f4 33. Rxg7 1-0

[Event "Llinars del Valles op-B 8th"]
[Site "Llinars del Valles"]
[Date "2014.05.31"]
[Round "5"]
[White "Cecilia Aguado, Francesc"]
[Black "Capallera Guirado, Ferran"]
[Result "1-0"]
[WhiteElo "1962"]
[BlackElo "1867"]
[PlyCount "59"]
[EventDate "2014.04.26"]
[EventType "swiss"]
[EventRounds "8"]
[EventCountry "ESP"]
[SourceTitle "EXT 2015"]
[Source "ChessBase"]
[SourceDate "2014.11.20"]
[SourceVersion "1"]
[SourceVersionDate "2014.11.20"]
[SourceQuality "1"]

1. e4 e5 2. Nf3 Nc6 3. Bb5 a6 4. Ba4 Nf6 5. 0-0 b5 6. Bb3 Bb7 7. d4 Nxe4 8. d5 Nb8 9. Re1 Nf6 10. Nxe5 Be7 11. d6 cxd6 12. Nxf7 Qc7 13. Qe2 Nc6 14. Nxh8 0-0-0 15. Nf7 Re8 16. Qd3 Ne5 17. Nxe5 dxe5 18. Qc3 Bc6 19. a4 b4 20. Qc4 Qb7 21. Rxe5 Kd8 22. a5 Bxg2 23. Be3 Nd5 24. Rxd5 Bxd5 25. Qxd5 Qb8 26. Bb6+ Kc8 27. Qf7 Qxh2+ 28. Kxh2 Bd6+ 29. Kg2 Re5 30. Qg8+ 1-0